00639nam a2200181Ia 450000500170000001000260001702000260004303500130006903500170008203700210009903700130012008200080013310000190014124501690016026000360032927000600036530000320042520150316130646.0 aBAC-EN21 ENG-111754 a9789332508033c599.00 aEN-95286 aB-590674-702 bTechniz/Venadpl bDBAD/PUB a541 aSinghal, Atul  aThe pearson guide to physical chemistry for the JEE advanced :balso for Indian Science Engineering Eligibility test /Joint Entrance Examination) /cby Atul Singhal c2014a New DelhibPearson India a11 Community Centre, Panchsheel ParkbNew Delhie110017 c25cm(pbk)avarious pagings